|
|
|
|
| LEADER |
00000cam a2200000 4500 |
| 001 |
vtls012053952 |
| 003 |
SK-MaSNL |
| 005 |
20260425222605.0 |
| 008 |
210513s2020 xo haocg 000 0dslo |
| 015 |
|
|
|a SNBA2021/11
|
| 020 |
|
|
|a 9788055630847
|q (viazané)
|
| 040 |
|
|
|a SNK
|b slo
|c SNK
|e rda
|
| 041 |
0 |
|
|a slo
|a eng
|
| 043 |
|
|
|a e-xo---
|
| 044 |
|
|
|a xo
|c SK
|
| 072 |
|
7 |
|a 76
|x Grafické umenie. Grafika
|2 konspekt
|
| 080 |
|
|
|a 766:655
|2 2011
|
| 080 |
|
|
|a 003.623+655.245
|2 2011
|
| 080 |
|
|
|a (437.6)
|2 2011
|
| 080 |
|
|
|a (048.8)
|2 2011
|
| 080 |
|
|
|a (084.11)
|2 2011
|
| 080 |
|
|
|a 75.071.1
|2 2011
|
| 080 |
|
|
|a 76.071.1
|2 2011
|
| 080 |
|
|
|a 75(437.6)
|2 2011
|
| 080 |
|
|
|a 76(437.6)
|2 2011
|
| 080 |
|
|
|a 003.62
|2 2011
|
| 100 |
1 |
|
|a Rostoka, Vladislav,
|d 1948-
|4 aut
|4 pht
|9 220020
|
| 245 |
1 |
0 |
|a CIPÁR & LOGO ET...C
|c Vladislav Rostoka uvádza Miroslava Cipára ; texty Miroslav Cipár, Miroslav Haľák, Fedor Kriška, Antónia Paulinyová, Vladislav Rostoka, Pavel Vilikovský ; preklad Elena & Paul McCullought ; fotografie Tomáš Benedikovič, Jovan Dezort, Roman Ferstl, Pavel Kastl, Ľubomír Longauer, Martin Marenčin, Marek Rostoka, Vladislav Rostoka, Anton Sládek, Adam Šakový
|
| 246 |
3 |
0 |
|a Miroslav Cipár univerzálny tvorca
|
| 246 |
3 |
1 |
|a Miroslav Cipár universal creator
|
| 246 |
3 |
0 |
|a Vladislav Rostoka uvádza Miroslava Cipára ako univerzálneho tvorcu v knihe: CIPÁR & LOGO ET...C
|
| 246 |
3 |
1 |
|a Vladislav Rostoka presents Miroslav Cipár as a universal creator in the book: CIPÁR & LOGO ET...C
|
| 250 |
|
|
|a Prvé slovensko-anglické vydanie
|
| 264 |
|
1 |
|a [Bratislava]
|b Slovenské centrum dizajnu
|b Slovart
|c 2020
|
| 300 |
|
|
|a 536 strán
|b faksimile, fotografie, ilustrácie, portréty
|c 34 cm
|
| 336 |
|
|
|a text
|b txt
|2 rdacontent
|
| 336 |
|
|
|a statický obraz
|b sti
|2 rdacontent
|
| 337 |
|
|
|a bez média
|b n
|2 rdamedia
|
| 338 |
|
|
|a zväzok
|b nc
|2 rdacarrier
|
| 500 |
|
|
|a Názov z obalu
|
| 504 |
|
|
|a Obsahuje bibliografické odkazy a registre
|
| 546 |
|
|
|a Súbežný text v angličtine
|
| 600 |
1 |
7 |
|a Cipár, Miroslav,
|d 1935-2021
|2 SNKMA
|9 111749
|
| 648 |
|
7 |
|a 20.-21. storočie
|2 SNKPH
|9 302531
|
| 648 |
|
7 |
|a 20th-21st centuries
|2 SNKPHeng
|9 285312
|
| 650 |
0 |
7 |
|a maliari
|2 SNKPH
|9 3150
|
| 650 |
0 |
7 |
|a grafici
|2 SNKPH
|9 87837
|
| 650 |
0 |
7 |
|a Painters
|2 SNKPHeng
|9 99679
|
| 650 |
0 |
7 |
|a printmakers
|2 SNKPHeng
|9 306704
|
| 650 |
0 |
7 |
|a Graphic design
|2 SNKPHeng
|9 306705
|
| 650 |
0 |
7 |
|a slovenské maliarstvo
|2 SNKPH
|9 3124
|
| 650 |
0 |
7 |
|a slovenská grafika
|2 SNKPH
|9 31108
|
| 650 |
0 |
7 |
|a grafický dizajn
|2 SNKPH
|9 764
|
| 650 |
0 |
7 |
|a logotypy
|2 SNKPH
|9 306706
|
| 650 |
0 |
7 |
|a Slovak painting
|2 SNKPHeng
|9 302574
|
| 650 |
0 |
7 |
|a Slovak prints
|2 SNKPHeng
|9 302575
|
| 650 |
0 |
7 |
|a Logos (symbols)
|2 SNKPHeng
|9 150606
|
| 650 |
0 |
7 |
|a symboly
|2 SNKPH
|9 27266
|
| 650 |
0 |
7 |
|a Symbols
|2 SNKPHeng
|9 306707
|
| 651 |
|
7 |
|a Slovensko
|2 SNKPH
|9 14231
|
| 651 |
|
7 |
|a Slovakia
|2 SNKPHeng
|9 92630
|
| 655 |
|
7 |
|a monografie
|2 SNKPH
|9 70139
|
| 655 |
|
7 |
|a obrazové publikácie
|2 SNKPH
|9 70343
|
| 655 |
|
7 |
|a Monographs
|2 SNKPHeng
|9 120675
|
| 655 |
|
7 |
|a Pictorial works
|2 SNKPHeng
|9 284468
|
| 700 |
1 |
|
|a Cipár, Miroslav,
|d 1935-2021
|4 aut
|4 ill
|9 111749
|
| 700 |
1 |
|
|a Haľák, Miroslav,
|d 1985-
|4 aut
|9 215828
|
| 700 |
1 |
|
|a Kriška, Fedor,
|d 1935-2011
|4 aut
|9 103303
|
| 700 |
1 |
|
|a Paulinyová, Antónia
|4 aut
|9 277235
|
| 700 |
1 |
|
|a Vilikovský, Pavel,
|d 1941-2020
|4 aut
|9 89818
|
| 700 |
1 |
|
|a McCullought, Elena
|4 trl
|9 306708
|
| 700 |
1 |
|
|a McCullought, Paul
|4 trl
|9 306709
|
| 700 |
1 |
|
|a Benedikovič, Tomáš,
|d 1980-
|4 pht
|9 121839
|
| 700 |
1 |
|
|a Dezort, Jovan,
|d 1934-
|4 pht
|9 113880
|
| 700 |
1 |
|
|a Ferstl, Roman
|4 pht
|9 43687
|
| 700 |
1 |
|
|a Kastl, Pavel,
|d 1953-
|4 pht
|9 224750
|
| 700 |
1 |
|
|a Longauer, Ľubomír,
|d 1948-2025
|4 pht
|9 111396
|
| 700 |
1 |
|
|a Marenčin, Martin,
|d 1956-
|4 pht
|9 90522
|
| 700 |
1 |
|
|a Rostoka, Marek
|4 pht
|9 306710
|
| 700 |
1 |
|
|a Sládek, Anton,
|d 1956-
|4 pht
|9 245878
|
| 700 |
1 |
|
|a Šakový, Adam,
|d 1987-
|4 pht
|9 170741
|
| 852 |
|
|
|a Štátna vedecká knižnica v Banskej Bystrici
|
| 919 |
|
|
|a 978-80-556-3084-7
|
| 958 |
|
|
|a NB
|
| 999 |
|
|
|c 562003
|d 563933
|
| 952 |
|
|
|a SNK
|b SNK
|y PREZ
|7 0
|p 17A1452743
|o snkSB 96709
|i snk2021/5803
|8 0
|0 0
|1 0
|4 0
|d 2021-05-27
|f 1
|l 0
|r 2025-05-19 00:00:00
|w 2026-02-23
|
| 952 |
|
|
|a SNK
|b SNK
|y VYP
|7 0
|p 17A1452742
|o snkSB 96709 D1
|i snk2021/5804
|8 3
|g 81.10
|0 0
|1 0
|4 0
|d 2021-05-27
|l 0
|r 2026-02-23 13:45:58
|w 2026-02-23
|